| 000 | 00519nam a2200169Ia 4500 | ||
|---|---|---|---|
| 008 | 230907s9999||||xx |||||||||||||| ||und|| | ||
| 082 | _aPhD-ESE-2 | ||
| 100 |
_aAzra Nawar (NUST2015PCES9215F) _9116255 |
||
| 245 | 0 | _aDevelopment of calcium based sorbent for flue gas cleaning applications / | |
| 260 |
_aUSPCAS-E, NUST, _bIslamabad : _c2020 |
||
| 300 | _axxviii, 138 p. | ||
| 520 | _bPTH-2 | ||
| 650 |
_aPhD-ESE Thesis _9116794 |
||
| 650 |
_aPhD Thesis _919283 |
||
| 700 |
_aDr Majid Ali _929033 |
||
| 942 |
_cTHE _2ddc |
||
| 999 |
_c601677 _d601677 |
||